| 000 | 00705nam a2200205Ia 4500 | ||
|---|---|---|---|
| 003 | GCL | ||
| 008 | 140319s9999 xx 000 0 ara d | ||
| 040 |
_aGCL / _cGCL |
||
| 082 | 0 | 4 |
_a181 _bم ب |
| 100 | 1 | _aمهدى فضل الله | |
| 245 | 1 | 0 |
_aبديات التفلسف الانسانى : الفلسفة ظهرت فى الشرق / _cمهدى فضل الله |
| 300 | _a159 ص | ||
| 490 |
_aالهيئة العامة للاستعلامات _v0 |
||
| 650 | 0 | 4 | _aالفلسفة الشرقية |
| 650 | 0 | 4 | _aالفلسفة الهندية |
| 650 | 0 | 4 | _aالفلسفة المصرية القديمة |
| 650 | 0 | 4 | _aالبوذية, فلسفة |
| 650 | 0 | 4 | _aالاخلاق، فلسفة |
| 942 |
_2ddc _cBK |
||
| 999 |
_c48111 _d48111 |
||